| 000 | 00000nas##2200000za#4500 |
|---|---|
| 001 | 9.504894 |
| 003 | CaOODSP |
| 005 | 20240527135424 |
| 007 | cr ||||||||||| |
| 008 | 150406c2004||||xxc|| m o||||f| |0eng|d |
| 040 | |aCaOODSP|beng |
| 043 | |an-cn--- |
| 086 | 1 |aCW69-11E-PDF |
| 110 | 2 |aCanadian Wildlife Service. |
| 245 | 10|aNational recovery plan / |h[electronic resource]|cIssued by Recovery of Nationally Endangered Wildlife. |
| 260 | |aOttawa - Ontario : |bEnvironment Canada. |
| 775 | 08|tPlan national de rétablissement / |w(CaOODSP)9.501294 |
| 776 | 0#|tNational recovery plan / |w(CaOODSP)9.514484 |